Normal view MARC view

Entry Topical Term

Number of records used in: 1

001 - CONTROL NUMBER

  • control field: 54414

003 - CONTROL NUMBER IDENTIFIER

  • control field: OSt

005 - DATE AND TIME OF LATEST TRANSACTION

  • control field: 20250616121355.0

008 - FIXED-LENGTH DATA ELEMENTS

  • fixed length control field: 250616|| aca||aabn | a|a d

040 ## - CATALOGING SOURCE

  • Original cataloging agency: OSt
  • Transcribing agency: OSt

150 ## - HEADING--TOPICAL TERM

  • Topical term or geographic name entry element: Sustainable Development, Human well- being, Inclusivity, SDG Vision

670 ## - SOURCE DATA FOUND

  • Source citation: Work cat.: (OSt): Naithani, Vidushi Dobhal and Semwal M.M 54413, Reconciling Sustainable Development with Human well- being: India's vision for an inclusive future

Powered by Koha